Statistiques concernant Joueur du psg

Cliquez ici pour prendre le quiz!

Statistiques générales

  • Ce quiz a été pris 151 fois
  • Le résultat moyen est 13 sur 22

Statistiques - réponses

HintRépondre% Correct
Joueur du psgMbappé
99%
Joueur du psgMessi
95%
Joueur du psgNeymar
95%
Joueur du psgDonnarumma
88%
Joueur du psgMarquinhos
85%
Joueur du psgAchraf Hakimi
76%
Joueur du psgRamos
71%
Joueur du psgNuno Mendès
69%
Joueur du psgCarlos Soler
64%
Joueur du psgHugo Ekitike
64%
Joueur du psgKimpembe
63%
Joueur du psgMarco Veratti
59%
Joueur du psgVitor Machado Ferreira (Vitinha)
57%
Joueur du psgWarren Zaïre-Emery
54%
Joueur du psgRuiz ( Fabian)
45%
Joueur du psgNordi Mukiele
42%
Joueur du psgRenato Sanches
38%
Joueur du psgIsmaël Gharbi
31%
Joueur du psgBitshiabu
29%
Joueur du psgPembélé
28%
Joueur du psgBernat (Juan)
26%
Joueur du psg(Ilyès Housni)
16%

Distribution des résultats

Percentile par nombre de réponses

% des personnes avec chaque résultat

Votre développement - résultats

Vous n’avez pas pris ce quiz